<?xml version="1.0" encoding="UTF-8"?><?xml-stylesheet type="text/xsl" href="static/style.xsl"?><OAI-PMH xmlns="http://www.openarchives.org/OAI/2.0/" xmlns:xsi="http://www.w3.org/2001/XMLSchema-instance" xsi:schemaLocation="http://www.openarchives.org/OAI/2.0/ http://www.openarchives.org/OAI/2.0/OAI-PMH.xsd"><responseDate>2026-06-06T01:50:51Z</responseDate><request verb="GetRecord" identifier="oai:riuma.uma.es:10630/9322" metadataPrefix="marc">https://riuma.uma.es/rest/oai/request</request><GetRecord><record><header><identifier>oai:riuma.uma.es:10630/9322</identifier><datestamp>2026-02-03T12:52:00Z</datestamp><setSpec>com_10630_5701</setSpec><setSpec>com_10630_3139</setSpec><setSpec>com_10630_10</setSpec><setSpec>col_10630_9177</setSpec></header><metadata><record xmlns="http://www.loc.gov/MARC21/slim" xmlns:dcterms="http://purl.org/dc/terms/" xmlns:doc="http://www.lyncode.com/xoai" xmlns:xsi="http://www.w3.org/2001/XMLSchema-instance" xsi:schemaLocation="http://www.loc.gov/MARC21/slim http://www.loc.gov/standards/marcxml/schema/MARC21slim.xsd">
   <leader>00925njm 22002777a 4500</leader>
   <datafield ind2=" " ind1=" " tag="042">
      <subfield code="a">dc</subfield>
   </datafield>
   <datafield ind2=" " ind1=" " tag="720">
      <subfield code="a">Pérez de Colosía Rodríguez, María Isabel</subfield>
      <subfield code="e">author</subfield>
   </datafield>
   <datafield ind2=" " ind1=" " tag="260">
      <subfield code="c">1996</subfield>
   </datafield>
   <datafield ind2=" " ind1=" " tag="520">
      <subfield code="a">Entre las fuentes imprescindibles para realizar el estudio del personal que el Santo Oficio tenía distribuido opr las ciudades y villas, las procedentes de los Archivos Municipales ocupan un lugar destacado, puesto que los funcionarios inquisitoriales debían de presentar ante los cabildos los correspondientes títulos para la toma de posesión. Una vez realizaedo el acto protocolario, registrado en las actas capitulares, el escribano del concejo asentaba los nombramientos en los Libros de Provisiones. Los datos aportados por esta documentación ponen de relieve la influencia de la Suprema en la soeciedad de la Edad Moderna, que llegaba hasta los más apartados rincones de la geografía española.</subfield>
   </datafield>
   <datafield ind1="8" ind2=" " tag="024">
      <subfield code="a">Baetica 18, 1996, p. 387-407.</subfield>
   </datafield>
   <datafield ind1="8" ind2=" " tag="024">
      <subfield code="a">0212-5099</subfield>
   </datafield>
   <datafield ind1="8" ind2=" " tag="024">
      <subfield code="a">http://hdl.handle.net/10630/9322</subfield>
   </datafield>
   <datafield tag="653" ind2=" " ind1=" ">
      <subfield code="a">Inquisición - Málaga - S.XVIII</subfield>
   </datafield>
   <datafield ind2="0" ind1="0" tag="245">
      <subfield code="a">Nombramientos del personal del Santo Oficio conservados en el Archivo Municipal de Málaga: siglo XVIII</subfield>
   </datafield>
</record>
</metadata></record></GetRecord></OAI-PMH>